Es knistert im Gebälk
| Titel: | Es knistert im Gebälk / Friedrich Karl Kaul |
|---|---|
| Verfasser: | |
| Veröffentlicht: | Berlin : Verl. Das Neue Berlin, 1961 |
| Umfang: | 379 S. |
| Format: | Buch |
| Sprache: | Deutsch |
| Schriftenreihe/ mehrbändiges Werk: |
Der Pitaval der Weimarer Republik / Friedrich Karl Kaul ; 3 alle Bände anzeigen
|
| Hinweise zum Inhalt: |
Inhaltsverzeichnis
|
X
alg: 31270442 001A $00030:21-11-12 001B $01999:09-06-23 $t20:22:45.000 001C $00030:21-11-12 $t06:51:13.000 001D $00030:21-11-12 001U $0utf8 001X $00 002@ $0AFf 003@ $0312704429 003O $0832456359 $aOCoLC 007A $0312704429 $aHEB 007G $0DE020A797BFFC517C55C6C1257C0D003EB79D 009P $qapplication/pdf $A2 $3Inhaltsverzeichnis $uhttp://scans.hebis.de/HEBCGI/show.pl?31270442_toc.pdf $mV:DE-603;B:DE-Mb50 010@ $ager 011@ $a1961 021A $aEs knistert im Gebälk $hFriedrich Karl Kaul 028A $#Kaul, Friedrich-Karl $#Kaul, Friedrich K. $#Kaul, F. K. $#Kaul, F.K. $#Kaul, Friedrich $#Kaul, Fritz $#Kaul, Fritz Karl $#Hartmann, Friedrich Karl $#Kaul, Fridrich Karl $#Kaul, F. K. $7104358491 $8Kaul, Friedrich Karl$Z1906-1981 [Tp1] $9104766417 033A $pBerlin $nVerl. Das Neue Berlin 034D $a379 S. 036C $aDer @Pitaval der Weimarer Republik $x13 $hFriedrich Karl Kaul $l3 036D $x13 $8Der @Pitaval der Weimarer Republik / Friedrich Karl Kaul $9312704313 045F $a800 $eDDC23BSB 045F/01 $a800 045F/03 $g43849 045G $a900.94309041 $eDDC23BSB 045G/01 $a900 045G/03 $f09041 045G/03 $f09042 045G/03 $f09043 045G/03 $g43 045H $a340.09 $eDDC23BSB 045H/01 $a340.09 045H/03 $g43 lok: 31270442 3 exp: 31270442 3 1 #EPN 201B/01 $007-10-23 $t10:28:11.000 201C/01 $021-11-12 201U/01 $0utf8 203@/01 $0657316083 206W/01 $0UB2-s6721145 208@/01 $a21-11-12 $brAa 209A/01 $a82.635.85 Bd. 3 $du $f000 $x00 209B/01 $aStUB-Retro-MW $x05 209G/01 $a82635858 $x00 209U/01 $qimage/gif $A2 $3Katalogkarte der UB Frankfurt $uhttp://resolver.hebis.de/retro/s6721145 $mV:DE-603;B:DE-30 247C/01 $8601000-3 <30>Frankfurt, Universitätsbibliothek J. C. Senckenberg, Zentralbibliothek (ZB) $9102598258 lok: 31270442 24 101B $014-10-13 $t11:36:59.000 101C $014-10-13 101U $0utf8 145Z/01 $a34 10 F 145Z/02 $a3 7 L 145Z/03 $a3 12 N exp: 31270442 24 1 #EPN 201B/01 $014-10-13 $t11:37:00.000 201C/01 $014-10-13 201U/01 $0utf8 203@/01 $0721830897 208@/01 $a14-10-13 $bz 209A/01 $a13.07196 $du $f050 $h13 07196 $x00 209C/01 $a13.07196 G $h13 07196 G 209G/01 $a73294495 $x00 220C/01 $ahae 247C/01 $8358050-7Marburg, Bibliothek des Herder-Instituts Marburg $9102600961
| LEADER | 00000cam a22000002cb4500 | ||
|---|---|---|---|
| 001 | 312704429 | ||
| 003 | DE-603 | ||
| 005 | 20230609202245.0 | ||
| 007 | tu | ||
| 008 | 121121s1961 xx |||| | u00||u|ger c | ||
| 035 | |a (DE-599)HEB312704429 | ||
| 035 | |a (OCoLC)832456359 | ||
| 040 | |a DE-603 |b ger |c DE-603 |d DE-603 | ||
| 041 | |a ger | ||
| 082 | 0 | 4 | |8 1\u |a 800 |q DE-101 |2 23/BSB |
| 083 | 0 | |8 2\u |a 900.94309041 |q DE-101 |2 23/BSB | |
| 083 | 0 | |8 3\u |a 340.09 |q DE-101 |2 23/BSB | |
| 085 | |8 1\u |b 800 | ||
| 085 | |8 1\u |z 2 |s 43849 | ||
| 085 | |8 2\u |b 900 | ||
| 085 | |8 2\u |z 1 |s 09041 | ||
| 085 | |8 2\u |z 1 |s 09042 | ||
| 085 | |8 2\u |z 1 |s 09043 | ||
| 085 | |8 2\u |z 2 |s 43 | ||
| 085 | |8 3\u |b 340.09 | ||
| 085 | |8 3\u |z 2 |s 43 | ||
| 100 | 1 | |a Kaul, Friedrich Karl |d 1906-1981 |0 (DE-603)104766417 |0 (DE-588)104358491 |2 gnd | |
| 245 | 0 | 0 | |a Es knistert im Gebälk |c Friedrich Karl Kaul |
| 264 | 1 | |a Berlin |b Verl. Das Neue Berlin |c 1961 | |
| 300 | |a 379 S. | ||
| 490 | 1 | |a Der Pitaval der Weimarer Republik / Friedrich Karl Kaul |v 3 | |
| 800 | 1 | |a Kaul, Friedrich Karl |d 1906-1981 |t Der Pitaval der Weimarer Republik |v 3 |w (DE-603)312704313 |9 13 |7 am | |
| 856 | 4 | 2 | |m V:DE-603;B:DE-Mb50 |q application/pdf |u http://scans.hebis.de/HEBCGI/show.pl?31270442_toc.pdf |3 Inhaltsverzeichnis |
| 924 | 0 | |9 30 |a (DE-603)657316083 |b DE-30 |c HES |d c |g 82.635.85 Bd. 3 | |
| 924 | 0 | |9 Mb 50 |a (DE-603)721830897 |b DE-Mb50 |c HES |d c |g 13.07196 | |
alle Bände anzeigen

